000 00372nmm a2200145 a 4500
003 AR-BaBNM
005 20251128202706.0
008 213119s[19- ||||||||||||||000 | spa||
040 _cAR-BaBNM
100 1 _aVinardell, Arturo
245 1 0 _aLecciones de historia argentina para 6to. grado
260 _a[S.l.]
_bLuis Lasserre
_c[19--]
942 _cBK
998 _cMato Mourazos
999 _c148
_d148